000 01409nam a2200421 c 4500
001 52904
003 ES-MaCES
005 20250203133307.0
008 231106s2023 sp f 000 | spa d
017 _aB 6636-2023
_bDL
020 _a9788413612225
040 _aES-MaCES
_bspa
_cES-MaCES
100 1 _95867
_aAldecoa Luzárraga, Francisco
245 1 3 _aLa Unión Europea
_b: de la idea utópica de Europa a la Unión Europea como potencia mundial
_cFrancisco Aldecoa ; con la col. de Eduardo García Cancela
260 _aBarcelona
_bShackleton Books
_c[2023]
300 _a364 p.
_c22 cm
504 _aBibliografía: p. 349-364
541 _cCompra
650 4 _aEuropa
_926940
650 4 _aUE
_926752
650 4 _aintegración política
_929381
650 4 _aUEM
_930760
650 4 _apapel de la UE
_931557
650 4 _anuevo orden económico internacional
_929223
650 4 _aglobalización económica
_930653
650 4 _arelaciones internacionales
_926675
650 4 _apolítica exterior
_926687
650 4 _apolítica de defensa
_926692
650 4 _aguerra
_926699
650 4 _aUcrania
_930497
650 4 _ageografía política
_928776
650 4 _ageografía económica
_928772
650 4 _ahistoria
_927251
653 1 0 _aCiencias Sociales-Políticas
700 1 _aGarcía Cancela, Eduardo
_940796
_ecol.
902 _aLIB Libro
942 _2CES
_cBK
_h7.0.
999 _c52904
_d52904